Social Marketing als unternehmerisches Erfolgskonzept /
Gespeichert in:
| Hauptverfasser: | , |
|---|---|
| Format: | Buch |
| Sprache: | Deutsch |
| Veröffentlicht: |
Augsburg :
Verl.Moderne Industrie,
1992
|
| Schlagworte: | |
| Tags: |
Keine Tags, Fügen Sie das erste Tag hinzu!
|
MARC
| LEADER | 00000nam a22000003a 4500 | ||
|---|---|---|---|
| 001 | stu38976 | ||
| 005 | 20150617225725.7 | ||
| 008 | 921209s1992----gw------------------ger-d | ||
| 020 | |a 3-478-22430-6 | ||
| 040 | |a STU |b slo | ||
| 041 | 0 | |a ger | |
| 044 | |a gw | ||
| 080 | |a 658.8 | ||
| 100 | 1 | |a Auer, Manfred |4 aut | |
| 245 | 1 | |a Social Marketing als unternehmerisches Erfolgskonzept / |c [aut.]Manfred Auer, Manfred Gerz | |
| 260 | |a Augsburg : |b Verl.Moderne Industrie, |c 1992 | ||
| 300 | |a 238 s | ||
| 650 | 7 | |a marketing |2 estusub | |
| 700 | 1 | |a Gerz, Manfred |4 aut | |
| 996 | |b 284M023295 |c M*8192-1 |l MMKN |s A |a 24 |w stu38976_0001 | ||